Statistics for National Sports

Click here to take the quiz!

General Stats

  • This quiz has been taken 52 times
  • The average score is 8 of 18

Answer Stats

CountrySport% Correct
Canada (winter)Ice Hockey
96%
United StatesBaseball
89%
New ZealandRugby Union
78%
JapanSumo
74%
JamaicaCricket
59%
SerbiaBasketball
54%
AustriaAlpine Skiing
52%
ChinaTable Tennis
52%
ScotlandGolf
43%
BhutanArchery
39%
Canada (summer)Lacrosse
39%
IrelandGaelic Football or Hurling
37%
Sri LankaVolleyball
37%
IranFreestyle Wrestling
35%
South KoreaTaekwondo
26%
ChileRodeo
9%
RussiaBandy
4%
AfghanistanBuzkashi
2%

Score Distribution

Percentile by Number Answered

Percent of People with Each Score

Your Score History

You have not taken this quiz